000 00527cab a2200169 4500
001 ##L131206
008 050510n2005 000 0 eng u
035 _a(Sirsi) u131206
041 1 _aeng
_ager
245 0 0 _aProperty Week supplement: international
260 _c2005
490 0 _aProperty Week
_v70(39) 30 September 2005, (LOAN)
520 _aFocuses on the commercial property market in Germany, Bulgaria, Romania and central Europe.
590 _aIKA111005
690 _aPROPERTY-COMMERCIAL PROPERTY
942 _n0
999 _c104684
_d104684